Nome completo dos países do Caribe - Statistics

Estatísticas Gerais
  • Esse quiz foi jogado 15 vezes
  • A pontuação média é 29 de 37
Estatísticas das Respostas
País Nome completo % Correto
Cuba República
93%
Haiti República
93%
República Dominicana República
93%
Trinidad e Tobago República
93%
Antígua e Barbuda Antígua
87%
Antígua e Barbuda Barbuda
87%
São Cristóvão e Neves Cristóvão
87%
Dominica Da
87%
Haiti Do
87%
Dominica Dominica
87%
São Cristóvão e Neves E
87%
Antígua e Barbuda E
87%
São Vicente e Granadinas E
87%
Trinidad e Tobago E
87%
São Cristóvão e Neves Neves
87%
São Cristóvão e Neves São
87%
São Vicente e Granadinas São
87%
Bahamas Bahamas
80%
Cuba Cuba
80%
Cuba De
80%
Sao Cristóvão e Neves De
80%
Trinidad e Tobago De
80%
Haiti Haiti
80%
Jamaica Jamaica
80%
Santa Lúcia Santa
80%
Babados Barbados
73%
República Dominicana Dominicana
73%
Granada Granada
73%
São Vicente e Granadinas Granadinas
73%
Santa Lúcia Lúcia
73%
Trinidad e Tobago Tobago
73%
Trinidad e Tobago Trinidad
73%
São Vicente e Granadinas Vicente
73%
Bahamas Das
67%
São Cristóvão e Neves Federação
33%
Bahamas Comunidade
20%
Dominica Comunidade
20%
Nenhum quiz correspondente encontrado
Distribuição das Pontuações
Porcentagem de Pessoas com Cada Pontuação
Percentil de Números Respondidos
Sua Pontuação Histórica
Você não jogou esse quiz